000 00675nam a2200193 i 4500
001 34595
003 ES-MaACL
005 20250921063024.0
007 t|
008 030207s1981 sp ||||1| spa d
100 1 _aBlázquez, José María,
_d1926-
_9141915
245 1 0 _aMosaicos romanos de Córdoba, Jaén y Málaga /
_cJ. M. Blázquez.
260 _aMadrid :
_bInstituto Español de Arqueología Rodrigo Caro ;
_aSalamanca :
_bEuropa,
_c1981.
300 _a133 p., 95 lám. :
_bil. ;
_c28 cm.
490 1 _aCorpus de Mosaicos de España
830 0 _aCorpus de Mosaicos de España
_9181527
852 _aES-MaACL
_jL-4050
_bR.104354
999 _c34595
_d34595